| 000 | 01166cam a22002055a 4500 | ||
|---|---|---|---|
| 001 | L158843 | ||
| 008 | 150817s2015 xxk f 000 0 eng d | ||
| 020 | _a9781409846543 | ||
| 035 | _a(Sirsi) u158843 | ||
| 041 | 0 | _aeng | |
| 110 | 2 |
_aUnited Kingdom _bDepartment for Communities and Local Government _94939 |
|
| 245 | 0 | 0 |
_aTackling rogue landlords and improving the private rental sector _bA technical discussion paper _h[electronic resource] |
| 260 |
_aLondon _bDCLG _c2015 |
||
| 520 | _aThe Government sets out proposals for blacklisting rogue landlords and letting agents who rent out unsafe and substandard accommodation by introducing stricter penalties and extending rent repayment orders. Includes measures to help landlords legally repossess abandoned properties where tenants disappear leaving rent areas and property unsecured. Consultation closes on 27 August 2015. | ||
| 590 | _aKA | ||
| 651 | 4 |
_aEngland _y886- |
|
| 690 |
_aResidential property _96266 |
||
| 856 | 4 | 0 |
_uhttps://www.gov.uk/government/uploads/system/uploads/attachment_data/file/450862/Discussion_paper_FINAL.pdf _zView the item free of charge from the www.gov.uk website. |
| 942 | _n0 | ||
| 999 |
_c115538 _d115538 |
||